<?xml version="1.0" encoding="UTF-8"?>
<record
    xmlns:xsi="http://www.w3.org/2001/XMLSchema-instance"
    xsi:schemaLocation="http://www.loc.gov/MARC21/slim http://www.loc.gov/standards/marcxml/schema/MARC21slim.xsd"
    xmlns="http://www.loc.gov/MARC21/slim">

  <leader>01138nam a2200253 a 4500</leader>
  <controlfield tag="001">80228</controlfield>
  <controlfield tag="003">BD-RjUL</controlfield>
  <controlfield tag="005">20220824104045.0</controlfield>
  <controlfield tag="008">220823s2021    bg ||||| |||| 00| 0 ben d</controlfield>
  <datafield tag="020" ind1=" " ind2=" ">
    <subfield code="a">97898435112901</subfield>
  </datafield>
  <datafield tag="035" ind1=" " ind2=" ">
    <subfield code="a">(BD-RjUL)80228</subfield>
  </datafield>
  <datafield tag="040" ind1=" " ind2=" ">
    <subfield code="a">BD-RjUL</subfield>
    <subfield code="b">eng</subfield>
    <subfield code="c">BD-RjUL</subfield>
  </datafield>
  <datafield tag="041" ind1=" " ind2=" ">
    <subfield code="a">ben</subfield>
  </datafield>
  <datafield tag="082" ind1=" " ind2=" ">
    <subfield code="2">23</subfield>
    <subfield code="a">954.9205092</subfield>
    <subfield code="b">TAB 2021</subfield>
  </datafield>
  <datafield tag="100" ind1=" " ind2=" ">
    <subfield code="a">&#x9A0;&#x9BE;&#x995;&#x9C1;&#x9B0;,&#x9B9;&#x9B0;&#x9BF;&#x9A6;&#x9BE;&#x9B8; </subfield>
    <subfield code="9">4477</subfield>
  </datafield>
  <datafield tag="245" ind1=" " ind2=" ">
    <subfield code="a">&#x9AC;&#x999;&#x9CD;&#x997;&#x9AC;&#x9A8;&#x9CD;&#x9A7;&#x9C1; &#x993; &#x9B8;&#x9AE;&#x9AC;&#x9BE;&#x9AF;&#x9BC; &#x98F;&#x995;&#x99F;&#x9BF; &#x990;&#x9A4;&#x9BF;&#x9B9;&#x9CD;&#x9AF; &#x985;&#x9A8;&#x9C1;&#x9B8;&#x9A8;&#x9CD;&#x9A7;&#x9BE;&#x9A8; /</subfield>
    <subfield code="c">&#x9B9;&#x9B0;&#x9BF;&#x9A6;&#x9BE;&#x9B8; &#x9A0;&#x9BE;&#x995;&#x9C1;&#x9B0;, &#x9AE;&#x9CB;&#x983; &#x99C;&#x9BF;&#x9B2;&#x9CD;&#x9B2;&#x9C1;&#x9B0; &#x9B0;&#x9B9;&#x9AE;&#x9BE;&#x9A8; , &#x9AE;&#x9CB;&#x983; &#x986;&#x9AC;&#x9C1;&#x9B2; &#x996;&#x9BE;&#x9AF;&#x9BC;&#x9C7;&#x9B0;</subfield>
  </datafield>
  <datafield tag="260" ind1=" " ind2=" ">
    <subfield code="a">&#x9A2;&#x9BE;&#x995;&#x9BE; :</subfield>
    <subfield code="b">&#x9B8;&#x9AE;&#x9AC;&#x9BE;&#x9AF;&#x9BC; &#x985;&#x9A7;&#x9BF;&#x9A6;&#x9AA;&#x9CD;&#x9A4;&#x9B0;,</subfield>
    <subfield code="c">&#x9E8;&#x9E6;&#x9E8;&#x9E7;</subfield>
  </datafield>
  <datafield tag="300" ind1=" " ind2=" ">
    <subfield code="a">&#x9EA;&#x9E7;&#x9EB; &#x9AA;&#x9C3;.:</subfield>
    <subfield code="b">&#x99A;&#x9BF;&#x9A4;&#x9CD;&#x9B0;&#x9B8;&#x9AE;&#x9C2;&#x9B9;;</subfield>
    <subfield code="c">&#x9E8;&#x9E9; &#x9B8;&#x9C7;&#x9AE;&#x9BF;</subfield>
  </datafield>
  <datafield tag="600" ind1=" " ind2=" ">
    <subfield code="a">&#x9AE;&#x9C1;&#x99C;&#x9BF;&#x9AC;&#x9C1;&#x9B0; &#x9B0;&#x9B9;&#x9AE;&#x9BE;&#x9A8;, &#x9B6;&#x9C7;&#x996;, </subfield>
    <subfield code="d">&#x9E7;&#x9EF;&#x9E8;&#x9E6;-&#x9E7;&#x9EF;&#x9ED;&#x9EB;</subfield>
  </datafield>
  <datafield tag="600" ind1=" " ind2=" ">
    <subfield code="a">Mujibur Rahman, Sheikh, </subfield>
    <subfield code="d">1920-1975</subfield>
  </datafield>
  <datafield tag="700" ind1=" " ind2=" ">
    <subfield code="a">&#x9B0;&#x9B9;&#x9AE;&#x9BE;&#x9A8;, &#x9AE;&#x9CB;&#x983; &#x99C;&#x9BF;&#x9B2;&#x9CD;&#x9B2;&#x9C1;&#x9B0; </subfield>
    <subfield code="9">4478</subfield>
  </datafield>
  <datafield tag="700" ind1=" " ind2=" ">
    <subfield code="a">&#x996;&#x9BE;&#x9AF;&#x9BC;&#x9C7;&#x9B0;, &#x9AE;&#x9CB;&#x983; &#x986;&#x9AC;&#x9C1;&#x9B2; </subfield>
    <subfield code="9">4479</subfield>
  </datafield>
  <datafield tag="942" ind1=" " ind2=" ">
    <subfield code="2">ddc</subfield>
    <subfield code="c">BK</subfield>
  </datafield>
  <datafield tag="999" ind1=" " ind2=" ">
    <subfield code="c">80228</subfield>
    <subfield code="d">80228</subfield>
  </datafield>
  <datafield tag="952" ind1=" " ind2=" ">
    <subfield code="0">0</subfield>
    <subfield code="1">0</subfield>
    <subfield code="2">ddc</subfield>
    <subfield code="4">0</subfield>
    <subfield code="7">1</subfield>
    <subfield code="8">NFIC</subfield>
    <subfield code="a">RUCL</subfield>
    <subfield code="b">RUCL</subfield>
    <subfield code="c">Reading</subfield>
    <subfield code="d">2022-06-07</subfield>
    <subfield code="e">Author</subfield>
    <subfield code="g">500.00</subfield>
    <subfield code="l">0</subfield>
    <subfield code="o">B 954.9205092 TAB 2021</subfield>
    <subfield code="r">2022-08-24 00:00:00</subfield>
    <subfield code="t">C-1</subfield>
    <subfield code="w">2022-08-24</subfield>
    <subfield code="y">BK</subfield>
  </datafield>
</record>
